Quizzes
Events
Quiz Creation
Community
Videos
Private Events
Remove Ads
Sign In
Join for FREE
Feedback
Dark Mode
Quiz Categories
Sports
Geography
Music
Movies
Television
Just For Fun
Miscellaneous
History
Literature
Language
Science
Gaming
Entertainment
Religion
Holiday
For Kids
Quiz Lab
Recent
Popular Today
Quiz Kudos Today
Editor Picks
Curator Picks
Quizzes by...
Day
Popularity
Type
Ratings
Length
Year
Community
Subscriptions
Recent Discussions
Orange Saloon
Badges
Playlists
Quests
Create
Leaderboards
Showdown
Live 5
Trivia Bingo
Activity
Puzzle Library
Sporcle Events
Private Events
Virtual Trivia
Globe League
Become a Host
Pub Owners
SporcleCon
Opinionation
Our Games
Videos
Blog
Mobile Apps
Partnerships
Remove Ads and Go Orange
Feedback
Television
TV Characters
TV Show
Sitcom
Network
Friends
Reality Shows
Cast
South Park
Star Trek
The Simpsons
Doctor Who
Television
TV Characters
TV Show
Sitcom
Network
Friends
Reality Shows
Cast
South Park
Star Trek
The Simpsons
Doctor Who
Random Quiz
Search Sporcle
×
Quiz Lab
Quiz Lab
Television
Quote
Type in answers that appear in a list
Type in answers that appear in a list
Classic
Best Score? Go Orange.
Glee Quotes Stats
Can you name the Glee Quotes?
By
stefyjonas1
10m
50 Questions
236 Plays
236 Plays
236 Plays
Comments
Comments
Give Quiz Kudos
Give Quiz Kudos
-
- Ratings
hide this ad
Replay
Link that replays current quiz
Next Quiz
Link to next quiz in quiz playlist
You Got
0%
They Got
Avg Score
29%
Avg Friend Score
Upgrade to see
Score Distribution
Jump to the score distribution portion of the page
Score
0/50
Timer
10:00
0
Plays Today
Quote
Missing Words
% Correct
'I'm so depressed I've _
_
_
_
_
_
_
_
_
_
this week.'
worn the same outfit twice
68.2%
'I think my cat has been _
_
_
_
_
_
.'
reading my diary
61%
'Hello. I'm Kurt Hummel and I'll be auditioning for the role of _
_
.'
kicker
58.5%
'I don't wanna die yet. At least not until _
_
_
_
_
_
gets cancelled.'
One Tree Hill
54.7%
'...World War _
_
...'
Sue
54.2%
'...Family is a place where everyone loves you no matter what, and they accept you for _
_
_
_
_
_
.'
who you are
51.7%
'I'm in love with him and he's _
_
_
_
. I'd say that's progress.'
actually gay
47.5%
'I know where _
_
come from.'
babies
47%
'...hit single 'Tik and also Tok' by rapper _
_
-
_
_
_
_
-
_
_
...'
ke-dollar sign-ha
43.2%
'Blaine and I love football. Well, Blaine loves football. I love _
_
.'
scarves
42.4%
'My body is like a rum _
_
_
_
. If it's not warmed up properly, it doesn't rise.'
chocolate souffle
42.4%
'Eat your heart out _
_
_
_
.'
Kate Middleton
41.5%
'Mercedes is black. I'm gay. _
_
_
_
_
_
.'
We make culture
40.7%
'_
_
are like crack to me.'
Makeovers
40.7%
'What's a ballad?' 'It'a a _
_
_
_
.'
male duck
39.8%
'Someone get me to a _
_
_
_
stat!'
day spa
39.4%
'I've known since you were three. All you wanted for your birthday was a pair of _
_
_
_
.'
sensible heels
38.6%
'I open my mouth and a little _
_
_
_
_
_
.'
purse falls out
38.1%
'I got you something special. It's okay, it's not going to _
_
.'
explode
33.5%
'You just got _
_
.'
zized
32.6%
'You know, just because we're doing this interview doesn't mean i'm still not mad at you. 'Cause I know you _
_
_
_
again.'
started smoking
32.2%
'Why do we have to go all vanilla on this song? See, what we need is my _
_
_
_
. '
chocolate thunder
32.2%
'When I pulled my hamstring I went to a _
_
.'
misogynist
31.8%
'Sometimes I forget my _
_
_
_
. '
middle name
31.8%
'They're going to throw fruit at us, and I _
_
_
_
_
_
_
_
.'
just had a facial
31.4%
Quote
Missing Words
% Correct
'It's not cheating because...' 'The _
_
different.'
plumbing's
25%
'In fact, I like minorities so much, I'm thinking of moving to _
_
to become one. '
California
25%
'Why are we sitting on the floor?' ''Cause we're _
_
_
_
.'
in Japan
24.2%
'Because you're _
_
and I'm _
_
?'
Lebanese, bi-curious
22.9%
'Oh, hey William. I thought I smelled cookies wafting from the ovens of the _
_
_
_
who live in your hair. '
little elves
22.9%
'I totally almost choked on a _
_
once.'
gumball
22.5%
'We have to go in. Strike that we have to _
_
_
_
.'
break in
22.5%
'He wore a _
_
to second period today.'
corset
22.5%
'I make my living singing _
_
_
_
.'
girl songs
22%
'Lord Tubbington is allowed to _
_
_
_
because he's on Atkins.'
eat cheese
22%
'Bring it.' '_
_
.'
Brung
17.8%
'Call us.' 'Sorry, but _
_
_
_
_
_
_
_
.'
not on your team
17.8%
'Why don't we just play it on _
_
?!'
kazoos
17.4%
'That's sweet, you remembered the _
_
_
_
of my designer boots.'
masculine click
17.4%
'I'm going to go to prom by myself and really work on me and dance with _
_
_
_
_
_
.'
other people's dates
14%
'Jesse, maybe you can come on 'Fondue for Two' and _
_
_
_
_
_
.'
judge my cat
12.3%
'No one ever taught me how to _
_
_
_
_
_
.'
read a calendar
11%
'A Latina _
_
_
_
. OK if you are going to be gay you simply must know who that is.'
Eve Harrington
10.6%
'Ladies, my _
_
-
_
_
weapon.'
Sue-clear
9.7%
'Kurt: Did you know I could get ahi tartare and a steak sandwich at 3 in the morning from their all-
night dining menu? I feel like _
_
.' 'I have pills for that.'
Eloise
9.7%
'I would like to graduate high school knowing how to make some sort of _
_
.'
pate
9.7%
'You can't prove there isn't a _
_
_
_
floating around on the dark side of the moon with a dwarf inside of it that reads romance novels and shoots lightning out of its boobs, but it
magic teapot
8.5%
'My kids are at least attractive. Yours look like they haven't _
_
_
_
_
_
.'
been baked properly
8.1%
'Is it the _
_
_
_
my new doctor gave me?'
raccoon hormones
5.9%
'But if they want to be bankers and lawyers and captains of industry, the most important lesson they could possibly learn is how to do a _
_
_
_
.'
round off
5.9%
Quiz Playlist
Details
Report
Send in Message
Add To Playlist
Classic:
Type in answers that appear in a list
Last Updated: Feb 16, 2017
Quiz Scoreboard
CHALLENGE
Sign Up to Join the Scoreboard
Show All
Scores
Hide
Comments
May contain spoilers
Recently Published
1-10 Letter E Words III
by El_Dandy
Language
2m
One Thing in Common: World Cities II
by knightlancer
Geography
7m
Popular People in 1961
by mucciniale
History
6m
More to Explore
Quiz From the Vault
Featured Blog Post
Where Did the Easter Bunny Come From?
hide this ad
You Might Also Like...
Tags
Quote Quiz
Brittany
Fox
Funny
Glee
kurt
sue
Sue Sylvester
Today's Top Quizzes in Television
Browse Television
hide this ad
Today's Top Quizzes in Quote
Browse Quote
Top Contributed Quizzes in Television
1
One Piece Logic Puzzle
2
Survivor Logic Puzzle: Heroes vs. Villains
3
Survivor Seasons
4
Survivor Season by Logo
5
Survivor Trivia
6
Survivor Logic Puzzle: Winners at War
7
Ultimate Survivor Logic Puzzle
8
Phoebe Buffay Quotes
9
Emmerdale Characters (from August 2012)
10
One Thing in Common: Television
Explore More
Trending Topics
Kpop
Marvel
NBA
Crossword
Anime
Disney
Harry Potter
NFL
Soccer
Song
The Office
Country
Puzzle
WWE
Pokémon
hide this ad
More By:
stefyjonas1
Quiz
Plays
Rating
Category
Featured
Created
Degrassi Couples Season 10
1,295
4.00
Television
May 16, 2011
Glee Lyrics
1,264
5.00
Music
May 18, 2011
Glee Quotes
236
3.00
Television
May 31, 2011
Ragtime lyrics
167
3.50
Music
May 22, 2013
Go to Creator's Profile
Score Distribution
Quiz Creator Spotlight
stefyjonas1
Follow
Send a Message
Quizzes Created
-
Created Quiz Play Count
-
More By This Creator
Popular Quizzes Today
1
Find the US States - No Outlines Minefield
2
Find the Countries of Europe - No Outlines Minefield
3
The Countries of the World
4
Popular People in 1961
5
1-10 Letter E Words III
6
Find the US States
7
One Thing in Common: World Cities II
8
US States
More Television Quizzes
In 3 Words: '80s and '90s Television Shows
Published
Trending Quizzes
Risky Map Clicking: Least Populous States A-Z
1-10 Letter F Words
1-10 Letter G Words
One Thing in Common: United Kingdom
Risky Map Clicking: Biggest States A-Z
Recently Updated
Leaping Animals
pecheneg
Reality TV Shows (A-Z)
bhenderson79
Rickey Henderson's Hall of Fame Teammates
pecheneg
Champions League XIs: Arsenal
pecheneg
Quick Pick: Celebrities in WWE's Hall of Fame
aduchscher
A-Z Keypad Blitz II
pecheneg
Multiple Oscar Actors
pecheneg
Mystery Phrase Blitz: Oscar 'Best Actors'
pecheneg
F. Scott Fitzgerald Novels
LTH
Pick 3 Villains
ddd62291
Trending Topics
Kpop
Disney
Crossword
Anime
NBA
Marvel
Harry Potter
WWE
Pokémon
Country
The Office
Song
NFL
Soccer
Puzzle
Your Account Isn't Verified!
In order to create a playlist on Sporcle, you need to verify the email address you used during registration. Go to your
Sporcle Settings
to finish the process.
Report this User
Report this user for behavior that violates our
Community Guidelines
.
Details:
Send Report
Go to the Sporcle.com Mobile Site →
Comments